000 00769nas a2200253 4500
001 BR2013010897
003 BR-BrBNA
005 20231205123541.0
007 ta
008 230509b bl.|||p| |||| 00| 00por d
040 _aBR-BrBNA
_bpor
_cBiblioteca Nacional de Agricultura
041 _a(Es)
072 _aH10
100 1 _aFiguero, M.L.
100 1 _aRafael, V.
245 1 _aDescripción de tres especies nuevas del género Drosophila (Diptera, Drosophilidae)en el Ecuador
650 _aDROSÓFILA
650 _aDIPTERA
650 _aTAXONOMIA
650 _aBIOLOGIA
773 0 _tIheringia. Série Zoologia (Brazil)
_xISSN 0073-4721
_g(Sep 2013), v. 103(3) p. 246-254
_wBR2013010897
909 _a202311
_bLúcia
_c55
_dLúcia Elande
942 _2AGRIS
_n0
_cANA
999 _c234466
_d234466